000 00452nam a2200157Ia 4500
005 20250521032903.0
008 240331s9999 xx 000 0 und d
020 _a9555530866
082 _a302.2
_bATT
100 _aAttanayake , B
245 0 _aKaryala kalamanakaranaya :
_bsannivedanaya ha mahajana sambandatha
260 _aVarakapola
_bArya Publishers
_c1994
300 _a52 p .,
500 _aOffice management & Communication Methods
942 _cL
999 _c1095
_d1095